| 000 | 00419 a2200133 4500 | ||
|---|---|---|---|
| 005 | 20250626072511.0 | ||
| 020 | _a978-193118536-3 | ||
| 082 | _a658.45 HAN | ||
| 245 | _aLearning LanguageThough Technology | ||
| 260 |
_aUSA _bTeacher of English to speakers of Other Language Inc _c2006 |
||
| 300 |
_aiv,332p.;ills Chats,picture,Tables _bIndex _c28cm. |
||
| 700 | _aElizabeth Hanson-Smith and Sarah Rilling | ||
| 942 |
_2ddc _cBKS |
||
| 999 |
_c5212 _d5212 |
||